| 000 | 00500nam a2200193Ia 4500 | ||
|---|---|---|---|
| 008 | 230125s9999 xx 000 0 und d | ||
| 020 | _a81-88030-41-4 | ||
| 041 | _aeng | ||
| 082 |
_a658.4092 _bCAR |
||
| 100 |
_aCarnegie D _9106261 |
||
| 245 | _aThe Leader in you : How to win friends, ? | ||
| 260 |
_c2003 _bSulabh publication _aAgra |
||
| 300 | _a332p | ||
| 500 | _aLeadership | ||
| 650 | _aPersonnel Management | ||
| 700 |
_aCarnegie D _9106261 |
||
| 906 | _b16 | ||
| 999 |
_c90571 _d90571 |
||